Statistics for Morocco First Level Subdivisions

Click here to take the quiz!

General Stats

  • This quiz has been taken 11 times
  • The average score is 4 of 12

Answer Stats

Regions% Correct
Oriental / Eastern
67%
Casablanca-Settat
67%
Fès-Meknès
50%
Marrakesh-Safi
33%
Béni Mellal-Khénifra
17%
Dakhla-Oued Ed-Dahab
17%
Drâa-Tafilalet
17%
Guelmim-Oued Noun
17%
Laâyoune-Sakia El Hamra
17%
Rabat-Salé-Kéntira
17%
Souss-Massa
17%
Tanger-Tetouan-Al Hoceima
17%

Score Distribution

Percentile by Number Answered

Percent of People with Each Score

Your Score History

You have not taken this quiz